000
00300nam a2200109Ia 4500
008
230907s9999||||xx |||||||||||||| ||und||
082
_a
5.1
_b
LAP
100
_a
Laplante, Phillip A.,
_9
55695
245
0
_a
Requirements engineering for software and systems /
300
_a
xxi, 375 pages ;
942
_c
BK
999
_c
600003
_d
600003